| 000 | 01219nam a2200385 a 4500 | ||
|---|---|---|---|
| 003 | AR-BaBNM | ||
| 005 | 20251128210555.0 | ||
| 008 | 082120s2002 ||||||||||||||000 | spa|| | ||
| 020 | _a84-89607-83-4 | ||
| 040 | _cAR-BaBNM | ||
| 245 | 0 | 0 |
_aPsicología de la instrucción _bcomponentes contextuales y relacionales del aprendizaje escolar _n3 |
| 250 | _a1ª ed. | ||
| 260 |
_aBarcelona _bEUB _c1996 |
||
| 300 | _a124 p. | ||
| 490 | 0 |
_aPsicología y educación _vv. 37 |
|
| 500 | _aContiene referencias bibliográficas | ||
| 500 | _aEl ejemplar 123753 desde la p. 50 está | ||
| 650 | 4 | _aPSICOLOGIA DE LA EDUCACION | |
| 650 | 4 | _aPROCESO COGNOSCITIVO | |
| 650 | 4 | _aPROCESO DE APRENDIZAJE | |
| 650 | 4 | _aFORMACION DE CONCEPTOS | |
| 650 | 4 | _aPROCESO DEL PENSAMIENTO | |
| 650 | 4 | _aPAPEL DE LA ESCUELA | |
| 650 | 4 | _aRELACION ALUMNO-DOCENTE | |
| 650 | 4 | _aRELACIONES ENTRE PARES | |
| 650 | 4 | _aGESTION | |
| 650 | 4 | _aORGANIZACION DEL CURSO | |
| 650 | 4 | _aSISTEMA DISCIPLINARIO | |
| 700 | 1 |
_aBarca Lozano, Alfonso _eeditor |
|
| 700 | 1 |
_aGonzález Pienda, Julio A. _eeditor |
|
| 700 | 1 |
_aGonzález Cabanach, Ramón _eeditor |
|
| 700 | 1 |
_aEscoriza Nieto, José _eeditor |
|
| 942 | _cBK | ||
| 998 | _cRaquel | ||
| 999 |
_c16004 _d16004 |
||